A man of the people. (Record no. 4417)
| 000 -LEADER | |
|---|---|
| fixed length control field | 00676cam a2200241u 4500 |
| 001 - CONTROL NUMBER | |
| control field | 6595748 |
| 003 - CONTROL NUMBER IDENTIFIER | |
| control field | OSt |
| 005 - DATE AND TIME OF LATEST TRANSACTION | |
| control field | 20251106101714.0 |
| 008 - FIXED-LENGTH DATA ELEMENTS--GENERAL INFORMATION | |
| fixed length control field | 821203s1966 enk 000 0 eng |
| 010 ## - LIBRARY OF CONGRESS CONTROL NUMBER | |
| LC control number | 66002335 |
| 035 ## - SYSTEM CONTROL NUMBER | |
| System control number | 6595748 |
| 040 ## - CATALOGING SOURCE | |
| Original cataloging agency | DLC |
| Transcribing agency | CarP |
| Modifying agency | DLC |
| 050 00 - LIBRARY OF CONGRESS CALL NUMBER | |
| Classification number | PR9387.9.A3 1966 |
| Item number | Man |
| 100 1# - MAIN ENTRY--PERSONAL NAME | |
| Personal name | Achebe, Chinua. |
| 245 12 - TITLE STATEMENT | |
| Title | A man of the people. |
| Statement of responsibility, etc | Chinua Achebe |
| 260 ## - PUBLICATION, DISTRIBUTION, ETC. (IMPRINT) | |
| Place of publication, distribution, etc | London, |
| Name of publisher, distributor, etc | Heinemann, |
| Date of publication, distribution, etc | 1966. |
| 300 ## - PHYSICAL DESCRIPTION | |
| Extent | [5], 167 p. |
| Dimensions | 21 cm. |
| 651 #0 - SUBJECT ADDED ENTRY--GEOGRAPHIC NAME | |
| Geographic name | Nigeria |
| Form subdivision | Fiction. |
| 655 #7 - INDEX TERM--GENRE/FORM | |
| Genre/form data or focus term | Fiction. |
| Source of term | lcgft |
| 906 ## - LOCAL DATA ELEMENT F, LDF (RLIN) | |
| a | 0 |
| b | cbc |
| c | premunv |
| d | u |
| e | ncip |
| f | 19 |
| g | y-gencatlg |
| 942 ## - ADDED ENTRY ELEMENTS (KOHA) | |
| Source of classification or shelving scheme | |
| Koha item type | Book |
| Withdrawn status | Lost status | Source of classification or shelving scheme | Damaged status | Not for loan | Home library | Current library | Shelving location | Date acquired | Total Checkouts | Full call number | Barcode | Date last seen | Date checked out | Price effective from | Koha item type |
|---|---|---|---|---|---|---|---|---|---|---|---|---|---|---|---|
| Riara University Library | Riara University Library | Leisure Reading | 06/11/2025 | 1 | PR9387.9.A3 1966 | 10812/25 | 04/02/2026 | 23/01/2026 | 06/11/2025 | Book |
